[Event "27th ECh U20"]
[Site "Patras GRE"]
[Date "1999.10.14"]
[Round "9"]
[White "Petrik, Tomas"]
[Black "Cvek, Robert"]
[Result "0-1"]
[WhiteElo "2296"]
[BlackElo "2444"]
[EventDate "1999.10.02"]
[PlyCount "64"]

1.e4 c5 2.Nf3 e6 3.d4 cxd4 4.Nxd4 a6 5.c4 Nf6 6.Nc3 Bb4 7.Bd3 Nc6 8.Nxc6 
dxc6 9.e5 Qa5 10.exf6 Bxc3+ 11.bxc3 Qxc3+ 12.Bd2 Qxd3 13.fxg7 Rg8 14.Qg4 
e5 15.Qg5 Qf5 16.O-O Qxg5 17.Bxg5 Rxg7 18.Bf6 Rg6 19.Bxe5 Be6 20.c5 O-O-O 
21.Bd6 b5 22.Rfb1 a5 23.a3 Rg4 24.f4 Rxd6 25.cxd6 Rxf4 26.Rc1 Kd7 27.a4 b4
28.g3 Rf5 29.Rf1 c5 30.Rxf5 Bxf5 31.Rf1 Bg6 32.Kf2 b3 0-1

[Event "27th ECh U20"]
[Site "Patras GRE"]
[Date "1999.10.14"]
[Round "9"]
[White "Jedryczka, Krystian"]
[Black "Berescu, Alin"]
[Result "1/2-1/2"]
[WhiteElo "2334"]
[BlackElo "2386"]
[EventDate "1999.10.02"]
[PlyCount "146"]

1.e4 c6 2.d4 d5 3.exd5 cxd5 4.c4 Nf6 5.Nc3 Nc6 6.Bg5 Be6 7.a3 Qd7 8.Bxf6 
gxf6 9.c5 Bg4 10.f3 Bf5 11.Bb5 h5 12.Nge2 Bh6 13.O-O Rg8 14.Kh1 Rd8 15.Qe1
Kf8 16.Qh4 a6 17.Ba4 Bg5 18.Qf2 Bd3 19.Rad1 Qf5 20.f4 Bh6 21.Qf3 Bc4 22.
Rf2 Qg4 23.Nc1 a5 24.N3e2 e6 25.Qc3 Ke7 26.b3 Bxe2 27.Nxe2 h4 28.Re1 h3 
29.g3 Qf5 30.Ng1 Ra8 31.Bb5 Kd7 32.Bf1 Qh5 33.Bxh3 f5 34.Bf1 Bg7 35.Rd2 
Kc7 36.Nf3 Bf6 37.Ne5 Rg7 38.Re3 Bxe5 39.fxe5 f4 40.Rf3 Rag8 41.Kg2 fxg3 
42.Rxg3 Rxg3+ 43.hxg3 Rh8 44.Kf2 Qh1 45.Qf3 Rh2+ 46.Bg2 Kb8 47.g4 Qc1 48.
Qf4 Rh7 49.a4 Rg7 50.Bf3 Nb4 51.Qe3 Rh7 52.Kg3 Nc2 53.Qf2 Nb4 54.Rd1 Qc3 
55.Qd2 Qxb3 56.Ra1 Nc6 57.Rd1 Qxa4 58.Qg5 Qc2 59.Rd2 Qb1 60.Rd1 Qc2 61.Rd2
Qg6 62.Qxg6 fxg6 63.g5 b5 64.cxb6 Kb7 65.Bg4 Re7 66.Bd1 Kxb6 67.Ba4 Rf7 
68.Rb2+ Nb4 69.Be8 Re7 70.Ba4 Rc7 71.Be8 Re7 72.Ba4 Rc7 73.Be8 Re7 1/2-1/2

[Event "27th ECh U20"]
[Site "Patras GRE"]
[Date "1999.10.14"]
[Round "9"]
[White "Jovanovic, Zoran"]
[Black "Mastrovasilis, Athanasios"]
[Result "1/2-1/2"]
[WhiteElo "2310"]
[BlackElo "2345"]
[EventDate "1999.10.02"]
[PlyCount "39"]

1.e4 c5 2.Nf3 e6 3.d4 cxd4 4.Nxd4 a6 5.Nc3 Qc7 6.g4 b5 7.Bg2 Bb7 8.g5 Bd6 
9.h4 Nc6 10.Nxc6 dxc6 11.Qg4 h5 12.gxh6 Nxh6 13.Qf3 O-O-O 14.Bd2 c5 15.
O-O-O Nf5 16.Qg4 Nd4 17.Rhe1 Kb8 18.Ne2 f5 19.Qh3 Be7 20.h5 1/2-1/2

[Event "27th ECh U20"]
[Site "Patras GRE"]
[Date "1999.10.14"]
[Round "9"]
[White "Dovliatov, Sanan"]
[Black "Perunovic, Miodrag"]
[Result "1-0"]
[WhiteElo "2339"]
[BlackElo "2247"]
[EventDate "1999.10.02"]
[PlyCount "95"]

1.e4 c5 2.Nf3 d6 3.d4 Nf6 4.dxc5 Nc6 5.cxd6 Nxe4 6.Be2 Nxd6 7.b3 e6 8.Bb2 
Be7 9.O-O O-O 10.Na3 b6 11.Ne5 Bb7 12.Bf3 Qc7 13.Nxc6 Bxc6 14.Bxc6 Qxc6 
15.Qg4 Ne8 16.Rad1 Nf6 17.Qe2 Nd5 18.c4 Nf4 19.Qg4 g5 20.Nb5 h5 21.Nd4 Qb7
22.Qf3 Qxf3 23.Nxf3 Rfd8 24.g3 Nd3 25.Bc3 Rac8 26.Kg2 f6 27.Nd4 Nc5 28.f4 
gxf4 29.gxf4 Kf7 30.Kf3 a6 31.Rg1 b5 32.Ba5 Rd6 33.b4 Nb7 34.c5 Rd5 35.Bb6
Bd8 36.f5 Bxb6 37.fxe6+ Kf8 38.cxb6 Nd6 39.Rge1 Re5 40.Rxe5 fxe5 41.Nb3 
Ke7 42.Nc5 Rb8 43.b7 Rf8+ 44.Ke2 Rb8 45.Rg1 Nf5 46.Rg5 Nd4+ 47.Kd3 Rd8 48.
Rg7+ 1-0

[Event "27th ECh U20"]
[Site "Patras GRE"]
[Date "1999.10.14"]
[Round "9"]
[White "Guid, Matej"]
[Black "Kobrin, Michael"]
[Result "0-1"]
[WhiteElo "2185"]
[BlackElo "2355"]
[EventDate "1999.10.02"]
[PlyCount "74"]

1.e4 e5 2.Nf3 Nf6 3.Nxe5 d6 4.Nf3 Nxe4 5.d4 d5 6.Bd3 Nc6 7.O-O Be7 8.c4 
Nb4 9.cxd5 Nxd3 10.Qxd3 Qxd5 11.Re1 Bf5 12.g4 Bg6 13.Nc3 Nxc3 14.Qxc3 f6 
15.Bf4 Kf7 16.Qxc7 Rhe8 17.Nd2 Qxd4 18.Nc4 Rad8 19.Rad1 Qxd1 20.Rxd1 Rxd1+
21.Kg2 Red8 22.Qxb7 R1d4 23.Qc7 R8d7 24.Qc8 Be4+ 25.Kg3 Bb7 26.Qh8 Rxc4 
27.Qxh7 Rdd4 28.Qh5+ g6 29.Qh7+ Ke6 30.b3 Rxf4 31.bxc4 Rf3+ 32.Kg2 Rd3+ 
33.f3 Bxf3+ 34.Kg3 Bd6+ 35.Kh4 Be4 36.Qg8+ Ke5 37.Qe8+ Kf4 0-1

[Event "27th ECh U20"]
[Site "Patras GRE"]
[Date "1999.10.14"]
[Round "9"]
[White "Lopez Martinez, Josep Manuel"]
[Black "Anchev, Nikolai"]
[Result "1-0"]
[WhiteElo "2378"]
[BlackElo "2155"]
[EventDate "1999.10.02"]
[PlyCount "93"]

1.d4 Nf6 2.c4 e6 3.Nf3 d5 4.e3 Be7 5.Bd3 dxc4 6.Bxc4 Nbd7 7.O-O O-O 8.Nc3 
c5 9.Qe2 cxd4 10.exd4 a6 11.Re1 Re8 12.Bg5 b5 13.Bb3 Bb7 14.Rad1 b4 15.Na4
Qa5 16.Bxf6 Nxf6 17.Ne5 Bd5 18.Nc4 Bxc4 19.Qxc4 Rac8 20.Re5 Nd5 21.Qd3 Bf6
22.Re4 Ne7 23.Nc5 Ra8 24.Nd7 Qf5 25.Qe2 Red8 26.Nxf6+ Qxf6 27.Bxe6 Nc6 28.
Bc4 g6 29.Qe3 Na5 30.Rf4 Nxc4 31.Rxf6 Nxe3 32.fxe3 a5 33.Rc1 Kg7 34.Rcc6 
Ra7 35.Kf2 Re7 36.g4 Re4 37.h3 h6 38.Rf3 Rd7 39.Rc4 Ree7 40.Ke2 Rd5 41.Kd3
h5 42.Rf4 hxg4 43.hxg4 Rd8 44.Rc5 Rh8 45.Rxa5 Rh2 46.b3 Rc7 47.Rc5 1-0

[Event "27th ECh U20"]
[Site "Patras GRE"]
[Date "1999.10.14"]
[Round "9"]
[White "Shavtvaladze, Nikoloz"]
[Black "Karner, Christoph"]
[Result "1/2-1/2"]
[WhiteElo "2289"]
[BlackElo "2181"]
[EventDate "1999.10.02"]
[PlyCount "61"]

1.e4 c5 2.Nf3 d6 3.d4 cxd4 4.Nxd4 Nf6 5.Nc3 a6 6.Be2 e5 7.Nb3 Be7 8.O-O 
O-O 9.a4 Nc6 10.f4 Nb4 11.Kh1 Bd7 12.a5 b5 13.axb6 Qxb6 14.Nd2 Bc6 15.Bd3 
Qc7 16.Nf3 Bb7 17.Qe2 Rfe8 18.fxe5 dxe5 19.Bc4 Rf8 20.Bb3 Nd7 21.Ng5 Nf6 
22.Bd2 Rac8 23.Rf5 Nc6 24.Nd5 Nxd5 25.Bxd5 Nd4 26.Qh5 Bxg5 27.Rxg5 Bxd5 
28.Rxg7+ Kxg7 29.Qg5+ Kh8 30.Qf6+ Kg8 31.Qg5+ 1/2-1/2

[Event "27th ECh U20"]
[Site "Patras GRE"]
[Date "1999.10.14"]
[Round "9"]
[White "Streikus, Simonas"]
[Black "Eriksson, Jonas"]
[Result "0-1"]
[WhiteElo "2267"]
[BlackElo "2188"]
[EventDate "1999.10.02"]
[PlyCount "120"]

1.d4 g6 2.c4 f5 3.g3 Nf6 4.Bg2 Bg7 5.Nf3 O-O 6.O-O d6 7.Nc3 Qe8 8.Bg5 Nbd7
9.Nb5 Qd8 10.d5 Ne4 11.Be3 a5 12.Bd4 Bh6 13.b3 c6 14.Na3 c5 15.Bb2 Ndf6 
16.Nb5 Ng4 17.Qd3 f4 18.h3 Ngxf2 19.Rxf2 Nxf2 20.Kxf2 Bf5 21.Qc3 fxg3+ 22.
Kxg3 Rf6 23.Qe1 Rf7 24.e4 Bd7 25.a4 Bf4+ 26.Kf2 Qc8 27.Qh1 e6 28.dxe6 Bxe6
29.Qf1 Qf8 30.Qd3 Rd8 31.Ke2 Qh6 32.Rh1 Qh5 33.Nc3 Rc8 34.Kd1 h6 35.Ne2 
Kh7 36.Kc2 Be5 37.Bxe5 dxe5 38.Ng3 Rxf3 39.Qxf3 Qg5 40.h4 Qe7 41.h5 Rg8 
42.hxg6+ Rxg6 43.Bh3 Bxh3 44.Rxh3 Qg5 45.Nf5 Qg1 46.Ng3 Kg8 47.Ne2 Qa1 48.
Rh1 Qa2+ 49.Kc3 b5 50.cxb5 c4 51.Kxc4 Qd2 52.Rc1 Rg7 53.b6 Qb4+ 54.Kd3 
Qxb3+ 55.Nc3 Rd7+ 56.Ke2 Qb2+ 57.Ke1 Qd2+ 58.Kf1 Qxc1+ 59.Kg2 Rf7 60.Ne2 
Qg5+ 0-1

[Event "27th ECh U20"]
[Site "Patras GRE"]
[Date "1999.10.14"]
[Round "9"]
[White "Haznedaroglu, Kivanc"]
[Black "Molander, Riku"]
[Result "1-0"]
[WhiteElo "2187"]
[BlackElo "2234"]
[EventDate "1999.10.02"]
[PlyCount "89"]

1.e4 c5 2.Nf3 d6 3.Nc3 Nc6 4.d4 cxd4 5.Nxd4 g6 6.Nd5 Bg7 7.Nb5 Rb8 8.c4 
Bd7 9.Be2 Nf6 10.Nbc7+ Kf8 11.Nxf6 Bxf6 12.Nd5 Bg7 13.O-O Kg8 14.Rb1 h6 
15.b4 Nd4 16.Be3 Nxe2+ 17.Qxe2 e6 18.Nf4 b6 19.Qd3 Bc6 20.b5 Ba8 21.Rbd1 
Kh7 22.f3 Qc7 23.h4 h5 24.Qxd6 Qxc4 25.Nh3 Rhf8 26.Qe7 Qxb5 27.Qxa7 Bc6 
28.Rb1 Qd3 29.Rb3 Qd7 30.Qxd7 Bxd7 31.Rxb6 Rxb6 32.Bxb6 Ra8 33.Rd1 Bc6 34.
Rc1 Be8 35.Rc7 Bf6 36.Ng5+ Kg8 37.Ra7 Rxa7 38.Bxa7 Bxg5 39.hxg5 Ba4 40.Bc5
f6 41.gxf6 Kf7 42.e5 g5 43.Kf2 Be8 44.Be3 Kg6 45.g3 1-0

[Event "27th ECh U20"]
[Site "Patras GRE"]
[Date "1999.10.14"]
[Round "9"]
[White "Erturan, Yakup"]
[Black "Crut, Aurelien"]
[Result "0-1"]
[WhiteElo "2148"]
[BlackElo "2207"]
[EventDate "1999.10.02"]
[PlyCount "80"]

1.e4 e6 2.d4 d5 3.e5 c5 4.c3 Nc6 5.Nf3 Bd7 6.a3 f6 7.exf6 Nxf6 8.Bd3 c4 9.
Bc2 Bd6 10.O-O Qc7 11.Re1 O-O-O 12.Qe2 Rhf8 13.Ne5 Be8 14.Nd2 Bh5 15.Ndf3 
Bxe5 16.dxe5 Ng4 17.Qd2 Rxf3 18.Qg5 Qb6 19.Be3 Rxe3 20.fxe3 g6 21.Ba4 h6 
22.Qf4 g5 23.Qg3 Ngxe5 24.Bxc6 Nxc6 25.Qh3 Bf7 26.Qxh6 Ne5 27.Qg7 Qd6 28.
Rf1 Bg6 29.h3 g4 30.h4 Bf5 31.h5 Qc7 32.Qf6 Nd7 33.Qd4 Kb8 34.Qg7 Qe5 35.
Qg5 Rc8 36.Rae1 Nf6 37.Qg7 Rg8 38.Qf7 Rh8 39.h6 Ne4 40.h7 Rxh7 0-1

[Event "27th ECh U20"]
[Site "Patras GRE"]
[Date "1999.10.15"]
[Round "10"]
[White "Iliushin, Alexei"]
[Black "Medvegy, Zoltan"]
[Result "1/2-1/2"]
[WhiteElo "2527"]
[BlackElo "2397"]
[EventDate "1999.10.02"]
[PlyCount "136"]

1.d4 Nf6 2.c4 c5 3.d5 b5 4.cxb5 a6 5.b6 Qxb6 6.Nc3 d6 7.e4 g6 8.Be2 Bg7 9.
Nf3 O-O 10.Nd2 Nbd7 11.Nc4 Qc7 12.Bf4 Ne8 13.O-O Nb6 14.Ne3 a5 15.a4 Ba6 
16.Bxa6 Rxa6 17.Rc1 Qd7 18.b3 Nc7 19.Qd3 Ra7 20.Nc4 Nxc4 21.bxc4 Bxc3 22.
Qxc3 Rb8 23.e5 dxe5 24.Bxe5 Rb4 25.Qe3 Na6 26.f4 Qf5 27.h3 h5 28.Qf3 h4 
29.Qf2 f6 30.Ba1 Rxa4 31.Rfe1 Nb4 32.Qxc5 Qd7 33.d6 exd6 34.Qd4 Qf7 35.
Qxd6 Rd7 36.Qb8+ Kg7 37.Qb5 Rxa1 38.Rxa1 Nc2 39.Rad1 Rb7 40.Qxa5 Nxe1 41.
Qxe1 Qxc4 42.Qxh4 g5 43.Qg4 Qxf4 44.Qxf4 gxf4 45.Rd4 f3 46.gxf3 Kg6 47.Kg2
Kf5 48.Kg3 Rg7+ 49.Rg4 Ra7 50.h4 Ra1 51.Kh2 Ra3 52.Kg2 Ra2+ 53.Kg3 Ra1 54.
Rb4 Rg1+ 55.Kf2 Rg8 56.Re4 Rg7 57.Ke3 Rg2 58.Rf4+ Ke6 59.Rg4 Rh2 60.Kf4 
Rh3 61.Ke3 Rh2 62.Ra4 Kf5 63.Rb4 Kg6 64.Rf4 Ra2 65.Rg4+ Kf5 66.Rg8 Rh2 67.
Rh8 Rh3 68.Rh6 Rh2 1/2-1/2

[Event "27th ECh U20"]
[Site "Patras GRE"]
[Date "1999.10.15"]
[Round "10"]
[White "Cvek, Robert"]
[Black "Bagirov, Rufat"]
[Result "1-0"]
[WhiteElo "2444"]
[BlackElo "2471"]
[EventDate "1999.10.02"]
[PlyCount "51"]

1.d4 Nf6 2.Nf3 g6 3.Bg5 Ne4 4.Bf4 d5 5.Nbd2 Bg7 6.e3 Nxd2 7.Qxd2 O-O 8.h4 
c5 9.c3 b6 10.h5 Nd7 11.hxg6 hxg6 12.Bd3 Re8 13.O-O-O Bb7 14.Ne5 Nxe5 15.
Bxe5 Bxe5 16.dxe5 Kg7 17.e6 Qd6 18.exf7 Rh8 19.e4 dxe4 20.Bc4 Qxd2+ 21.
Kxd2 Rxh1 22.Rxh1 Rd8+ 23.Ke3 Bc6 24.Bb3 b5 25.Rh4 Bd5 26.f8=Q+ 1-0

[Event "27th ECh U20"]
[Site "Patras GRE"]
[Date "1999.10.15"]
[Round "10"]
[White "Fontaine, Robert"]
[Black "Stryjecki, Marek"]
[Result "1/2-1/2"]
[WhiteElo "2408"]
[BlackElo "2448"]
[EventDate "1999.10.02"]
[PlyCount "75"]

1.e4 e5 2.Nf3 Nc6 3.Bb5 Nf6 4.O-O Nxe4 5.d4 Nd6 6.Bxc6 dxc6 7.dxe5 Nf5 8.
Qxd8+ Kxd8 9.Nc3 Ke8 10.h3 Ne7 11.Ne4 Ng6 12.Ng3 h5 13.Bg5 h4 14.Ne4 Rh5 
15.Rfe1 Be6 16.Rad1 a5 17.a3 Bd5 18.Rd4 Be7 19.Bxe7 Kxe7 20.c4 Be6 21.Nc5 
Bc8 22.Ne4 b6 23.Neg5 c5 24.Rd2 Bf5 25.Kh2 Re8 26.g4 hxg3+ 27.fxg3 Bc8 28.
h4 Rh6 29.Kg2 Nf8 30.a4 Ne6 31.b3 Rd8 32.Rxd8 Nxd8 33.Kf2 Bf5 34.Ne4 Ne6 
35.Ke3 Bxe4 36.Kxe4 Rg6 37.Rg1 Nd4 38.Nxd4 1/2-1/2

[Event "27th ECh U20"]
[Site "Patras GRE"]
[Date "1999.10.15"]
[Round "10"]
[White "Blehm, Pawel"]
[Black "Ribshtein, Nati"]
[Result "1/2-1/2"]
[WhiteElo "2479"]
[BlackElo "2349"]
[EventDate "1999.10.02"]
[PlyCount "64"]

1.e4 e5 2.Nf3 Nf6 3.d4 Nxe4 4.Bd3 d5 5.Nxe5 Nd7 6.Nxd7 Bxd7 7.O-O Bd6 8.c4
c6 9.cxd5 cxd5 10.Qh5 O-O 11.Qxd5 Bc6 12.Qh5 g6 13.Qh3 Ng5 14.Qg4 Ne6 15.
Nc3 h5 16.Qh3 Nxd4 17.Ne4 Ne2+ 18.Bxe2 Bxe4 19.Bh6 Re8 20.Bb5 Re5 21.Bd3 
Bc6 22.Rae1 Rxe1 23.Rxe1 Qf6 24.Bc4 Rd8 25.Qc3 Qxc3 26.bxc3 Bf8 27.Be3 Re8
28.Rd1 a6 29.h3 Bg7 30.Rd6 Kf8 31.Rd3 Rc8 32.Bg5 Re8 1/2-1/2

[Event "27th ECh U20"]
[Site "Patras GRE"]
[Date "1999.10.15"]
[Round "10"]
[White "De Vreugt, Dennis"]
[Black "Halkias, Stelios"]
[Result "1-0"]
[WhiteElo "2398"]
[BlackElo "2406"]
[EventDate "1999.10.02"]
[PlyCount "71"]

1.e4 c5 2.Nf3 Nc6 3.d4 cxd4 4.Nxd4 Qc7 5.Nc3 e6 6.f4 a6 7.Nxc6 Qxc6 8.Bd3 
b5 9.Qe2 Bb7 10.Bd2 Be7 11.a3 h5 12.Rf1 Qc7 13.O-O-O b4 14.axb4 Bxb4 15.
Kb1 Qa5 16.e5 Ne7 17.Ne4 Nf5 18.Bxb4 Qxb4 19.Nd6+ Nxd6 20.exd6 Bc6 21.Qe5 
f6 22.Qe1 Qxe1 23.Rfxe1 Kf7 24.f5 Rhe8 25.Bc4 Ra7 26.h3 h4 27.Rd4 g5 28.
Rd2 Bb5 29.Ba2 Rb7 30.c4 Ba4 31.c5 Bb5 32.Re3 a5 33.Kc1 a4 34.Kd1 Ba6 35.
c6 Ra7 36.cxd7 1-0

[Event "27th ECh U20"]
[Site "Patras GRE"]
[Date "1999.10.15"]
[Round "10"]
[White "Mastrovasilis, Athanasios"]
[Black "Lopez Martinez, Josep Manuel"]
[Result "1/2-1/2"]
[WhiteElo "2345"]
[BlackElo "2378"]
[EventDate "1999.10.02"]
[PlyCount "82"]

1.d4 e6 2.c4 Nf6 3.Nc3 Bb4 4.e3 c5 5.Ne2 cxd4 6.exd4 d5 7.a3 Be7 8.Nf4 
dxc4 9.Bxc4 O-O 10.O-O Nc6 11.Be3 Bd6 12.d5 exd5 13.Ncxd5 Ng4 14.Bd2 Be5 
15.h3 Nf6 16.Bc3 Qd6 17.Qf3 Nxd5 18.Bxe5 Nxe5 19.Qxd5 Qc7 20.Rac1 Nxc4 21.
Rxc4 Qe7 22.Rd1 Qf6 23.Qd4 Qxd4 24.Rdxd4 h6 25.Rc7 b6 26.b4 Re8 27.Kh2 Bf5
28.g4 Re4 29.Rdc4 Rxc4 30.Rxc4 Bd7 31.Rc7 Be8 32.Nd5 Kf8 33.Ne7 a5 34.Nd5 
axb4 35.axb4 b5 36.Nc3 Ra3 37.Rc5 Rb3 38.Nxb5 Rxb4 39.Nd6 Rb6 40.Nxe8 Kxe8
41.Rc2 Rf6 1/2-1/2

[Event "27th ECh U20"]
[Site "Patras GRE"]
[Date "1999.10.15"]
[Round "10"]
[White "Mateuta, Gabriel"]
[Black "Jovanovic, Zoran"]
[Result "0-1"]
[WhiteElo "2398"]
[BlackElo "2310"]
[EventDate "1999.10.02"]
[PlyCount "66"]

1.d4 Nf6 2.g3 g6 3.Bg2 Bg7 4.e4 d6 5.Nc3 O-O 6.Nge2 e5 7.h3 c6 8.a4 a5 9.
O-O Na6 10.Be3 Nb4 11.g4 h5 12.f3 Be6 13.Ng3 hxg4 14.hxg4 Nxg4 15.fxg4 
exd4 16.Bxd4 Bxd4+ 17.Qxd4 Nxc2 18.Qf2 Nxa1 19.Rxa1 Qg5 20.e5 d5 21.Re1 
Kg7 22.Nce4 dxe4 23.Nxe4 Qxe5 24.Nc5 Qf6 25.Qe3 Rae8 26.g5 Qxb2 27.Re2 Bc4
28.Rxb2 Rxe3 29.Rxb7 Bd5 30.Kf2 Re5 31.Bxd5 Rxd5 32.Ne6+ Kg8 33.Nxf8 Kxf8 
0-1

[Event "27th ECh U20"]
[Site "Patras GRE"]
[Date "1999.10.15"]
[Round "10"]
[White "Kallio, Heikki"]
[Black "Dovliatov, Sanan"]
[Result "1-0"]
[WhiteElo "2360"]
[BlackElo "2339"]
[EventDate "1999.10.02"]
[PlyCount "71"]

1.d4 g6 2.e4 c6 3.Nc3 Bg7 4.Be3 d5 5.e5 h5 6.f4 Nh6 7.Nf3 O-O 8.Qd2 a5 9.
Be2 a4 10.h3 b5 11.Bf2 Na6 12.Nd1 Nc7 13.Nh4 Be6 14.Rg1 Qd7 15.Ne3 c5 16.
g4 cxd4 17.Qxd4 hxg4 18.hxg4 Qc6 19.g5 Nf5 20.Nexf5 Bxf5 21.Nxf5 gxf5 22.
Bd3 Ne6 23.Qb4 d4 24.Qd2 Qf3 25.Bg3 Rfd8 26.Qe2 Qd5 27.Qh5 Nc5 28.Bxf5 d3 
29.Qh7+ Kf8 30.Bxd3 Qd4 31.Ke2 Qxb2 32.Rgb1 Qa3 33.Be1 Nxd3 34.cxd3 Rac8 
35.Bb4 Rc2+ 36.Ke3 1-0

[Event "27th ECh U20"]
[Site "Patras GRE"]
[Date "1999.10.15"]
[Round "10"]
[White "Kobrin, Michael"]
[Black "Jedryczka, Krystian"]
[Result "0-1"]
[WhiteElo "2355"]
[BlackElo "2334"]
[EventDate "1999.10.02"]
[PlyCount "96"]

1.d4 Nf6 2.c4 g6 3.Nc3 Bg7 4.e4 d6 5.f3 O-O 6.Be3 a6 7.Qd2 Nbd7 8.O-O-O b5
9.h4 Bb7 10.Bh6 c5 11.Bxg7 Kxg7 12.h5 cxd4 13.hxg6 fxg6 14.Qh6+ Kg8 15.
Rxd4 Ne5 16.g4 Qb6 17.Rd2 b4 18.Na4 Qa5 19.b3 Bc6 20.g5 Nf7 21.Qh2 Nxg5 
22.Bd3 Nh5 23.c5 Bxa4 24.Bc4+ e6 25.Qxd6 Nf7 26.Qxe6 Qxc5 27.Rg2 Nf4 28.
Rxg6+ Nxg6 29.Qh3 Qg5+ 30.Kb1 h5 31.Ne2 Bb5 32.Rg1 Bxc4 33.Rxg5 Nxg5 34.
Qxh5 Bd3+ 35.Kb2 Kg7 36.Ng3 Rac8 37.Qxg5 Rc2+ 38.Ka1 Rxf3 39.Nf5+ Kf7 40.
Nd6+ Kg7 41.Nf5+ Kf7 42.Nd6+ Ke6 43.Qxg6+ Kd7 44.Qg7+ Kxd6 45.Qd4+ Ke6 46.
Qd5+ Kf6 47.e5+ Kg6 48.Qg8+ Kh6 0-1

[Event "27th ECh U20"]
[Site "Patras GRE"]
[Date "1999.10.15"]
[Round "10"]
[White "Berescu, Alin"]
[Black "Markidis, Konstantinos"]
[Result "0-1"]
[WhiteElo "2386"]
[BlackElo "2295"]
[EventDate "1999.10.02"]
[PlyCount "94"]

1.f4 d5 2.Nf3 Nf6 3.g3 g6 4.Bg2 Bg7 5.d3 O-O 6.O-O d4 7.c3 c5 8.Qe1 Nc6 9.
Na3 Nd5 10.Bd2 Bg4 11.Nc4 Bxf3 12.Bxf3 Qd7 13.Rc1 Rfe8 14.Qf2 Rad8 15.Qg2 
e6 16.Kh1 h5 17.g4 hxg4 18.Qxg4 Nde7 19.Rg1 b5 20.Na3 a6 21.Nc2 Bf6 22.Qh5
Kg7 23.Qxc5 Rc8 24.Qa3 Rh8 25.cxd4 Nf5 26.e3 Rxh2+ 27.Kxh2 Rh8+ 28.Kg2 
Nh4+ 29.Kf2 Nxf3 30.Rh1 Rxh1 31.Rxh1 Nxd2 32.Qc5 b4 33.Ne1 b3 34.a3 Nxd4 
35.Qb4 Qc6 36.Rh3 N4f3 37.Nxf3 Nxf3 38.Rxf3 Qc2+ 39.Kg3 Qxb2 40.Rf1 Qe2 
41.Re1 Qxd3 42.Kf3 a5 43.Qe4 Qxe4+ 44.Kxe4 a4 45.Kd3 Bb2 46.Kc4 Bxa3 47.
Kb5 Bc1 0-1

[Event "27th ECh U20"]
[Site "Patras GRE"]
[Date "1999.10.15"]
[Round "10"]
[White "Skytte, Rasmus"]
[Black "Shavtvaladze, Nikoloz"]
[Result "0-1"]
[WhiteElo "2338"]
[BlackElo "2289"]
[EventDate "1999.10.02"]
[PlyCount "72"]

1.e4 c5 2.Nf3 d6 3.d4 cxd4 4.Nxd4 Nf6 5.Nc3 a6 6.Bc4 e6 7.Bb3 b5 8.O-O Be7
9.f4 O-O 10.e5 dxe5 11.fxe5 Nfd7 12.Ne4 Nxe5 13.Be3 Bb7 14.Qh5 Nc4 15.Bxc4
bxc4 16.Nc3 Nd7 17.Rad1 Nf6 18.Qh3 Qc7 19.Rf2 Rad8 20.Rdf1 Qe5 21.Nde2 Qh5
22.Qxh5 Nxh5 23.Bb6 Rd2 24.Nd4 Rxf2 25.Rxf2 Nf6 26.Nde2 e5 27.Ng3 g6 28.
Rd2 Bc6 29.a4 Rb8 30.Bc7 Bc5+ 31.Kf1 Re8 32.h3 Kg7 33.Ke2 Re7 34.Bb8 Rd7 
35.Rxd7 Nxd7 36.Bc7 f5 0-1

[Event "27th ECh U20"]
[Site "Patras GRE"]
[Date "1999.10.15"]
[Round "10"]
[White "Eriksson, Jonas"]
[Black "Johannessen, Leif Erlend"]
[Result "1/2-1/2"]
[WhiteElo "2188"]
[BlackElo "2356"]
[EventDate "1999.10.02"]
[PlyCount "84"]

1.d4 e6 2.Nf3 Nf6 3.Bg5 h6 4.Bh4 b6 5.Nbd2 Bb7 6.e3 Be7 7.Bg3 Nh5 8.Bd3 c5
9.c3 Nc6 10.Qe2 Rc8 11.a3 Nxg3 12.hxg3 d5 13.b4 Bf6 14.Rb1 Rc7 15.g4 g6 
16.b5 Nb8 17.Ne5 cxd4 18.exd4 Rxc3 19.Rh3 Qc7 20.f4 Nd7 21.Ndf3 Nxe5 22.
Nxe5 Rc1+ 23.Kf2 Rxb1 24.Bxb1 Qc1 25.Qd3 Bxe5 26.fxe5 Qf4+ 27.Rf3 Qxg4 28.
Qd2 h5 29.Qb4 Qh4+ 30.Ke3 Qg5+ 31.Kf2 Qe7 32.Rc3 Qxb4 33.axb4 Kd7 34.Rf3 
Ke7 35.Rc3 Rc8 36.Ra3 Ra8 37.Rc3 Bc8 38.Rc7+ Bd7 39.Bd3 Kd8 40.Rc2 Rc8 41.
Rxc8+ Kxc8 42.g4 hxg4 1/2-1/2

[Event "27th ECh U20"]
[Site "Patras GRE"]
[Date "1999.10.15"]
[Round "10"]
[White "Perunovic, Miodrag"]
[Black "Bohnenblust, Simon"]
[Result "1/2-1/2"]
[WhiteElo "2247"]
[BlackElo "2239"]
[EventDate "1999.10.02"]
[PlyCount "48"]

1.e4 e6 2.d4 d5 3.Nc3 Nf6 4.Bg5 Bb4 5.exd5 exd5 6.Bd3 Be6 7.Ne2 Nc6 8.a3 
Be7 9.Qd2 Qd7 10.f3 h6 11.Be3 Bf5 12.O-O O-O 13.Ng3 Bxd3 14.Qxd3 Rfe8 15.
Nf5 Bf8 16.Rae1 Ne7 17.Ng3 Nh7 18.Re2 c6 19.Rfe1 Nc8 20.Bf4 Rxe2 21.Rxe2 
Bd6 22.Bc1 Bxg3 23.hxg3 Nd6 24.b3 Re8 1/2-1/2

[Event "27th ECh U20"]
[Site "Patras GRE"]
[Date "1999.10.15"]
[Round "10"]
[White "Hunt, Adam"]
[Black "Haznedaroglu, Kivanc"]
[Result "1-0"]
[WhiteElo "2288"]
[BlackElo "2187"]
[EventDate "1999.10.02"]
[PlyCount "83"]

1.e4 e5 2.Nf3 Nf6 3.d4 Nxe4 4.Bd3 d5 5.Nxe5 Nd7 6.Nxd7 Bxd7 7.O-O Qh4 8.g3
Qh3 9.f3 Nd6 10.Nc3 O-O-O 11.Nxd5 Bc6 12.Nf4 Qd7 13.c4 b6 14.d5 Bb7 15.b4 
Nf5 16.Qc2 g6 17.Bxf5 gxf5 18.Bb2 Rg8 19.Nh5 Rg6 20.Nf6 Qd6 21.Qxf5+ Kb8 
22.Be5 Qxb4 23.Nd7+ Ka8 24.Bxc7 Bc5+ 25.Kh1 Rc8 26.Qf4 Bd6 27.Bxd6 Qxd6 
28.Ne5 Rf6 29.Qe4 b5 30.Rfd1 bxc4 31.Nxc4 Qc5 32.Rac1 Ra6 33.a4 Rh6 34.Kg2
Rg8 35.Ne3 Qa3 36.Rc2 Re6 37.Qxh7 Reg6 38.Kf2 Re8 39.Re2 Rf6 40.Qh4 Qd6 
41.Qd4 Rh8 42.Ng4 1-0

[Event "27th ECh U20"]
[Site "Patras GRE"]
[Date "1999.10.15"]
[Round "10"]
[White "Nikolchovski, Toni"]
[Black "Streikus, Simonas"]
[Result "1/2-1/2"]
[WhiteElo "2190"]
[BlackElo "2267"]
[EventDate "1999.10.02"]
[PlyCount "83"]

1.c4 e5 2.g3 Nc6 3.Bg2 f5 4.Nc3 Nf6 5.e3 Bb4 6.Nge2 Bxc3 7.Nxc3 O-O 8.O-O 
d6 9.d4 Qe8 10.d5 Nd8 11.e4 fxe4 12.Nxe4 Qg6 13.f3 b6 14.Be3 Bf5 15.Nf2 a5
16.b3 Nb7 17.Qd2 Nc5 18.Qc3 h5 19.a3 e4 20.b4 exf3 21.Bxf3 axb4 22.axb4 
Rxa1 23.Rxa1 Nce4 24.Nxe4 Nxe4 25.Qc1 Nxg3 26.hxg3 Qxg3+ 27.Bg2 Bh3 28.Ra2
Re8 29.Re2 Bxg2 30.Bf4 Qg6 31.Rxg2 Qf6 32.Bg5 Qd4+ 33.Kh2 Re4 34.Qf1 Qe5+ 
35.Kh3 Re1 36.Qf4 Rh1+ 37.Rh2 Qc3+ 38.Qe3 Rxh2+ 39.Kxh2 Qxc4 40.Qe8+ Kh7 
41.Qxh5+ Kg8 42.Qe8+ 1/2-1/2

[Event "27th ECh U20"]
[Site "Patras GRE"]
[Date "1999.10.15"]
[Round "10"]
[White "Molander, Riku"]
[Black "Guid, Matej"]
[Result "1-0"]
[WhiteElo "2234"]
[BlackElo "2185"]
[EventDate "1999.10.02"]
[PlyCount "75"]

1.d4 Nf6 2.c4 g6 3.Nc3 Bg7 4.e4 d6 5.Nf3 O-O 6.Be2 e5 7.O-O Nc6 8.d5 Ne7 
9.Nd2 Nd7 10.b4 f5 11.a4 Nf6 12.f3 f4 13.Ba3 g5 14.c5 Ng6 15.Nc4 Rf7 16.b5
Bf8 17.b6 axb6 18.cxb6 h5 19.Nb5 g4 20.bxc7 Rxc7 21.Ncxd6 Bxd6 22.Nxd6 g3 
23.Nxc8 gxh2+ 24.Kh1 Raxc8 25.d6 Rg7 26.Bc4+ Kh8 27.Be6 Ra8 28.Rc1 Nh4 29.
Bh3 Ng4 30.fxg4 hxg4 31.Bxg4 Nxg2 32.Rf2 Ne3 33.Rxh2+ Rh7 34.Rxh7+ Kxh7 
35.Bf5+ Nxf5 36.Qh5+ Kg7 37.exf5 Rc8 38.Rg1+ 1-0

[Event "27th ECh U20"]
[Site "Patras GRE"]
[Date "1999.10.15"]
[Round "10"]
[White "Lelumees, Brait"]
[Black "Petrik, Tomas"]
[Result "0-1"]
[WhiteElo "2121"]
[BlackElo "2296"]
[EventDate "1999.10.02"]
[PlyCount "48"]

1.e4 e6 2.d4 d5 3.e5 c5 4.c3 Nc6 5.Nf3 Qb6 6.a3 c4 7.Nbd2 Na5 8.b4 cxb3 9.
Bb2 Bd7 10.c4 dxc4 11.Nxc4 Nxc4 12.Bxc4 Bb5 13.Bxb3 Nh6 14.Nd2 Nf5 15.Bc4 
Bxc4 16.Nxc4 Qc6 17.Na5 Qb5 18.Bc3 b6 19.Rb1 Qd7 20.g4 Nh4 21.Nb3 Qd5 22.
Kd2 Bxa3 23.f4 Rc8 24.Kd3 Qc4+ 0-1

[Event "27th ECh U20"]
[Site "Patras GRE"]
[Date "1999.10.15"]
[Round "10"]
[White "Karner, Christoph"]
[Black "Anchev, Nikolai"]
[Result "1-0"]
[WhiteElo "2181"]
[BlackElo "2155"]
[EventDate "1999.10.02"]
[PlyCount "61"]

1.d4 d5 2.c4 e6 3.Nc3 Nf6 4.cxd5 exd5 5.Bg5 Be7 6.e3 O-O 7.Bd3 Nbd7 8.Nge2
c6 9.Qc2 Re8 10.O-O Nf8 11.f3 g6 12.Rad1 b6 13.Kh1 Bb7 14.e4 dxe4 15.fxe4 
Ng4 16.Bc1 Bg5 17.Bc4 Ne6 18.h3 Be3 19.Bxe6 fxe6 20.Nf4 Bxc1 21.Qxc1 Nf6 
22.e5 Nd5 23.Ne4 Re7 24.Nxd5 cxd5 25.Nf6+ Kg7 26.Ng4 Ba6 27.Qg5 Rc7 28.Rf6
Qe8 29.Rd2 Rac8 30.Rdf2 Bd3 31.R6f3 1-0

[Event "27th ECh U20"]
[Site "Patras GRE"]
[Date "1999.10.16"]
[Round "11"]
[White "Stryjecki, Marek"]
[Black "Solak, Dragan"]
[Result "1-0"]
[WhiteElo "2448"]
[BlackElo "2457"]
[EventDate "1999.10.02"]
[PlyCount "65"]

1.g3 e5 2.c4 c6 3.d4 Bb4+ 4.Bd2 Bxd2+ 5.Qxd2 d6 6.Nc3 Nf6 7.Bg2 Nbd7 8.e4 
O-O 9.Nge2 a6 10.Rd1 b5 11.c5 exd4 12.Nxd4 Ne5 13.f4 Nc4 14.Qe2 Bg4 15.Bf3
Bxf3 16.Nxf3 d5 17.e5 Nd7 18.b3 Qa5 19.Rc1 Nxc5 20.bxc4 b4 21.Nb1 b3+ 22.
Nbd2 b2 23.Rb1 Qxa2 24.O-O a5 25.Qe3 Ne4 26.Nxe4 dxe4 27.Qxe4 a4 28.Ng5 g6
29.e6 a3 30.exf7+ Rxf7 31.Nxf7 Kxf7 32.f5 g5 33.f6 1-0